55 Best Footballers Ever - Statistics

General Stats
  • This quiz has been taken 106 times
  • The average score is 44 of 55
Answer Stats
# Position Nationality Answer % Correct
1 ST Portugal Cristiano Ronaldo
100%
2 CAM Argentina Diego Maradona
100%
1 RW Argentina Lionel Messi
100%
5 ST Brazil Ronaldo
100%
3 ST Brazil Pele
98%
12 CAM Netherlands Johan Cruyff
97%
4 CAM France Zenidine Zidane
96%
21 ST Uruguay Luis Suarez
91%
25 ST Spain Luis Suarez
91%
16 ST Hungary Ferenc Puskas
90%
7 CB Germany Franz Beckenbauer
90%
41 CM Croatia Luka Modric
90%
17 ST Germany Gerd Muller
89%
11 CB Italy Paolo Maldini
89%
8 LWB Brazil Roberto Carlos
89%
14 LW Brazil Ronaldinho
89%
9 CB Spain Sergio Ramos
89%
23 GK Italy Gianluigi Buffon
88%
18 GK Germany Manuel Neuer
88%
15 CAM Spain Andres Iniesta
87%
47 ST Ivory Coast Didier Drogba
86%
27 RW Northern Ireland George Best
86%
33 GK Spain Iker Casillas
86%
31 GK Germany Oliver Kahn
84%
43 ST Poland Robert Lewandowski
84%
53 ST Cameroon Samuel Eto'o
84%
19 GK USSR/Russia Lev Yashin
83%
50 ST Ukraine Andriy Shevchenko
81%
45 RWB Brazil Cafu
81%
39 LW Belgium Eden Hazard
80%
36 CAM Belgium Kevin DeBruyne
80%
6 CF Netherlands Marco Van Basten
80%
32 LW Brazil Neymar Jr
79%
22 ST France Thierry Henry
79%
40 RM England David Beckham
78%
51 GK Belgium Thibaut Courtois
78%
10 CF Spain/Argentina Alfredo Di Stefano
77%
42 CF Portugal Eusebio
77%
20 CM Italy Andrea Pirlo
76%
46 LW Brazil Rivaldo
76%
35 CB Spain Carles Puyol
74%
48 LM Portugal Luis Figo
74%
30 RW Brazil Garrincha
70%
34 CF Italy Roberto Baggio
70%
38 CB Netherlands Virgil Van Dijk
70%
37 CB Italy Fabio Cannavaro
68%
26 CAM Brazil Kaka
63%
13 CM France Michael Platini
63%
29 CM Brazil Zico
63%
28 ST Brazil Romario
56%
54 ST Uruguay Diego Forlan
53%
49 CM Germany Toni Kroos
52%
44 CM England Bobby Charlton
51%
52 CAM Italy Francesco Totti
44%
24 CM Spain Xavi Hernandez
40%
No matching quizzes found
Score Distribution
Percent of People with Each Score
Percentile by Number Answered
Your Score History
You have not taken this quiz